000
00230nam a22000857a 4500
008
160628b xxu||||| |||| 00| 0 eng d
100
_9
1297
_a
Singh, K.C., et al
245
_a
Ancient India
260
_a
New Delhi
_b
Arya Publication
_c
1990
999
_c
1062
_d
1062